Statistics for Top 15 biggest European cities

Click here to take the quiz!

General Stats

  • This quiz has been taken 23 times
  • The average score is 12 of 15

Answer Stats

Pop.Answer% Correct
13,149,803Moscow
100%
15,655,924Istanbul
95%
8,926,568London
95%
2,102,650Paris
95%
3,755,251Berlin
90%
3,332,035Madrid
90%
1,739,297Bucharest
86%
2,755,309Rome
86%
5,597,763Saint Petersburg
86%
1,861,644Warsaw
86%
2,952,301Kyiv
81%
2,006,134Vienna
81%
1,892,122Hamburg
71%
1,992,862Minsk
48%
2,336,600Baku
0%

Score Distribution

Percentile by Number Answered

Percent of People with Each Score

Your Score History

You have not taken this quiz